[Event "Osasco op"]
[Site "Osasco"]
[Date "2012.04.22"]
[Round "6"]
[White "Dos Santos, Haroldo Cunha Jr"]
[Black "Barbosa, Evandro Amorim"]
[Result "0-1"]
[WhiteElo "2233"]
[BlackElo "2399"]
[PlyCount "110"]
[EventDate "2012.04.20"]
[EventType "swiss"]
[EventRounds "6"]
[EventCountry "BRA"]
[SourceTitle "CBM 148 Extra"]
[Source "ChessBase"]
[SourceDate "2012.06.22"]
[SourceVersion "1"]
[SourceVersionDate "2012.06.22"]
[SourceQuality "1"]

1. d4 Nf6 2. Nf3 g6 3. Bf4 Bg7 4. c3 O-O 5. Nbd2 d6 6. e3 Nc6 7. h3 Nd7 8. a4
e5 9. Bh2 Kh8 10. b4 exd4 11. exd4 Re8+ 12. Be2 Qe7 13. Nc4 Nf6 14. Ra2 Nd5 15.
Qb3 Qf6 16. O-O Be6 17. b5 Nce7 18. a5 g5 19. Ra3 Ng6 20. Qd1 Ngf4 21. Bxf4
Nxf4 22. Ne3 h5 23. Nh2 Qg6 24. Bf3 Rab8 25. a6 b6 26. Bc6 Rg8 27. Qf3 f5 28.
h4 g4 29. Qd1 Rbf8 30. Kh1 Qf6 31. g3 Ng6 32. f4 Ne7 33. d5 Bf7 34. c4 Nxc6 35.
bxc6 Re8 36. Re1 Re4 37. Nhf1 Rge8 38. Qd2 Bg6 39. Rb1 Qe7 40. Rd3 Bf6 41. Rd1
Qg7 42. Qf2 Bd4 43. Qd2 Bc5 44. Re1 Kh7 45. Qc3 Qe7 46. Kg2 b5 47. cxb5 Bb4 48.
Qc1 Bxe1 49. Qxe1 Ra4 50. Rd2 Qe4+ 51. Kh2 Ra3 52. Re2 Bf7 53. Qc1 Bxd5 54.
Nxd5 Qxe2+ 55. Kg1 Ra2 0-1

[Event "Osasco 50 Years"]
[Site "Osasco"]
[Date "2012.04.26"]
[Round "3"]
[White "Toth, Christian Endre"]
[Black "Barbosa, Evandro Amorim"]
[Result "1/2-1/2"]
[WhiteElo "2365"]
[BlackElo "2399"]
[PlyCount "103"]
[EventDate "2012.04.25"]
[EventType "tourn"]
[EventRounds "10"]
[EventCountry "BRA"]
[EventCategory "9"]
[SourceTitle "CBM 148 Extra"]
[Source "ChessBase"]
[SourceDate "2012.06.22"]
[SourceVersion "1"]
[SourceVersionDate "2012.06.22"]
[SourceQuality "1"]

1. c4 c5 2. Nf3 Nc6 3. e3 e5 4. Nc3 Nf6 5. d4 cxd4 6. exd4 e4 7. Ne5 Bb4 8. Be2
Qa5 9. Nxc6 dxc6 10. Bd2 O-O 11. O-O Re8 12. Qb3 Bg4 13. Rae1 Rad8 14. a3 Bxc3
15. Bxc3 Qg5 16. Bxg4 Nxg4 17. Qxb7 Qf4 18. g3 Qh6 19. h4 Qg6 20. Qc7 h5 21.
Qf4 f6 22. Re2 Rd7 23. Rfe1 Rde7 24. Kg2 Nh6 25. d5 cxd5 26. cxd5 Nf5 27. d6
Rd7 28. Rxe4 Rxe4 29. Qxe4 Rxd6 30. Qe8+ Qxe8 31. Rxe8+ Kf7 32. Rh8 Nh6 33. Kf3
a6 34. Ke4 Kg6 35. f3 Nf5 36. Kf4 Rc6 37. Re8 Kf7 38. Re4 Ne7 39. Rd4 Re6 40.
g4 Ng6+ 41. Kg3 hxg4 42. fxg4 Re3+ 43. Kf2 Re6 44. Rd7+ Kg8 45. h5 Ne5 46. Rd8+
Kh7 47. Kg3 Nf7 48. Rd3 Ng5 49. Bb4 Nf7 50. Kf4 Rc6 51. Rd4 Ng5 52. Kg3 1/2-1/2

[Event "Osasco 50 Years"]
[Site "Osasco"]
[Date "2012.04.27"]
[Round "4"]
[White "Barbosa, Evandro Amorim"]
[Black "Alonso, Salvador"]
[Result "1/2-1/2"]
[WhiteElo "2399"]
[BlackElo "2506"]
[PlyCount "88"]
[EventDate "2012.04.25"]
[EventType "tourn"]
[EventRounds "10"]
[EventCountry "BRA"]
[EventCategory "9"]
[SourceTitle "CBM 148 Extra"]
[Source "ChessBase"]
[SourceDate "2012.06.22"]
[SourceVersion "1"]
[SourceVersionDate "2012.06.22"]
[SourceQuality "1"]

1. e4 c5 2. Nf3 Nc6 3. d4 cxd4 4. Nxd4 g6 5. Nc3 Bg7 6. Be3 Nf6 7. Bc4 O-O 8.
Bb3 Qa5 9. f3 d5 10. exd5 Nb4 11. Qd2 Nbxd5 12. Nxd5 Qxd2+ 13. Kxd2 Nxd5 14.
Bxd5 Rd8 15. c4 e6 16. Be4 f5 17. Bd3 Bxd4 18. Bxd4 Rxd4 19. Kc3 Rd8 20. Rhe1
Bd7 21. Re5 a5 22. Rd1 Kf7 23. Be2 Ke7 24. f4 b6 25. Bf3 Rac8 26. b3 h6 27. h4
g5 28. hxg5 hxg5 29. fxg5 Rg8 30. Rh1 Rxg5 31. Rh7+ Kd6 32. Re2 Bc6 33. Rh6 Re8
34. Bxc6 Kxc6 35. Rhxe6+ Rxe6 36. Rxe6+ Kc5 37. Re5+ Kd6 38. Rd5+ Kc6 39. Rd2
Kc5 40. Rd5+ Kc6 41. g4 Rxg4 42. Rxf5 Rg2 43. Rf6+ Kc5 44. Rf5+ Kc6 1/2-1/2

[Event "Osasco 50 Years"]
[Site "Osasco"]
[Date "2012.04.29"]
[Round "7"]
[White "Mareco, Sandro"]
[Black "Barbosa, Evandro Amorim"]
[Result "0-1"]
[WhiteElo "2579"]
[BlackElo "2399"]
[PlyCount "86"]
[EventDate "2012.04.25"]
[EventType "tourn"]
[EventRounds "10"]
[EventCountry "BRA"]
[EventCategory "9"]
[SourceTitle "CBM 148 Extra"]
[Source "ChessBase"]
[SourceDate "2012.06.22"]
[SourceVersion "1"]
[SourceVersionDate "2012.06.22"]
[SourceQuality "1"]

1. Nf3 c5 2. c4 Nc6 3. d4 cxd4 4. Nxd4 g6 5. e4 Bg7 6. Be3 Nf6 7. Nc3 O-O 8.
Be2 d6 9. O-O Nxd4 10. Bxd4 Bd7 11. Qd2 Bc6 12. f3 a5 13. b3 Nd7 14. Bf2 Nc5
15. Rab1 e6 16. Bd1 Be5 17. Bc2 f5 18. exf5 gxf5 19. Rfe1 b6 20. Ne2 Ra7 21. f4
Bf6 22. Rbd1 Ba8 23. Ng3 Qc8 24. Bxc5 dxc5 25. Qd6 Bd4+ 26. Rxd4 cxd4 27. Qxe6+
Qxe6 28. Rxe6 Rd7 29. Bd3 Be4 30. Nxe4 fxe4 31. Rxe4 Kf7 32. Kf2 a4 33. b4 a3
34. g4 Ra8 35. Re5 Re8 36. Rxe8 Kxe8 37. Be4 Rc7 38. Ke2 Rxc4 39. Kd3 Rxb4 40.
Bxh7 Rb2 41. Bg8 b5 42. g5 b4 43. Bc4 b3 0-1

[Event "Osasco 50 Years"]
[Site "Osasco"]
[Date "2012.04.30"]
[Round "8"]
[White "Barbosa, Evandro Amorim"]
[Black "Toth, Christian Endre"]
[Result "1/2-1/2"]
[WhiteElo "2399"]
[BlackElo "2365"]
[PlyCount "24"]
[EventDate "2012.04.25"]
[EventType "tourn"]
[EventRounds "10"]
[EventCountry "BRA"]
[EventCategory "9"]
[SourceTitle "CBM 148 Extra"]
[Source "ChessBase"]
[SourceDate "2012.06.22"]
[SourceVersion "1"]
[SourceVersionDate "2012.06.22"]
[SourceQuality "1"]

1. e4 c5 2. Nf3 d6 3. d4 cxd4 4. Nxd4 Nf6 5. Nc3 g6 6. Be3 Bg7 7. f3 Nc6 8. Qd2
O-O 9. Bc4 Nxd4 10. Bxd4 Be6 11. Bb3 Qa5 12. O-O b5 1/2-1/2

[Event "South America-ch U20"]
[Site "Asuncion"]
[Date "2012.06.15"]
[Round "1"]
[White "Barbosa, Evandro Amorim"]
[Black "Mamani, Joan Franco"]
[Result "1/2-1/2"]
[WhiteElo "2401"]
[BlackElo "2157"]
[PlyCount "59"]
[EventDate "2012.06.15"]
[EventType "swiss"]
[EventRounds "9"]
[EventCountry "PAR"]
[SourceTitle "CBM 149 Extra"]
[Source "ChessBase"]
[SourceDate "2012.08.24"]
[SourceVersion "1"]
[SourceVersionDate "2012.08.24"]
[SourceQuality "1"]

1. e4 c5 2. Nf3 d6 3. d4 cxd4 4. Nxd4 Nf6 5. Nc3 a6 6. Be3 e5 7. Nb3 Be6 8. Be2
Be7 9. Nd5 Nbd7 10. Qd3 O-O 11. O-O Rc8 12. c4 Bxd5 13. exd5 Ne8 14. Qd2 f5 15.
f4 exf4 16. Bxf4 g5 17. Be3 Ng7 18. Rad1 f4 19. Bd4 Bf6 20. Kh1 Ne5 21. c5 Nf5
22. c6 bxc6 23. Bxa6 c5 24. Bxc8 Qxc8 25. Bxe5 Bxe5 26. Na5 Ne3 27. Nc6 Bf6 28.
Rde1 Nxf1 29. Rxf1 Re8 30. b3 1/2-1/2

[Event "South America-ch U20"]
[Site "Asuncion"]
[Date "2012.06.16"]
[Round "2"]
[White "Santiago, Yago de Moura"]
[Black "Barbosa, Evandro Amorim"]
[Result "0-1"]
[WhiteElo "2347"]
[BlackElo "2401"]
[PlyCount "140"]
[EventDate "2012.06.15"]
[EventType "swiss"]
[EventRounds "9"]
[EventCountry "PAR"]
[SourceTitle "CBM 149 Extra"]
[Source "ChessBase"]
[SourceDate "2012.08.24"]
[SourceVersion "1"]
[SourceVersionDate "2012.08.24"]
[SourceQuality "1"]

1. e4 c5 2. Nf3 e6 3. d4 cxd4 4. Nxd4 Nc6 5. Nc3 Qc7 6. Be2 a6 7. O-O Nf6 8.
Be3 Bb4 9. Na4 Bd6 10. g3 b5 11. Nb6 Rb8 12. Nxc8 Rxc8 13. a4 Nxd4 14. Bxd4 e5
15. Be3 Bc5 16. Bxc5 Qxc5 17. Bd3 O-O 18. axb5 axb5 19. Ra5 Rb8 20. c4 Qb4 21.
Rxb5 Rxb5 22. cxb5 Qxb2 23. Qb1 Qd4 24. b6 Rb8 25. b7 g6 26. Rc1 Kg7 27. h3 h5
28. Rc7 Ne8 29. Rc4 Qa7 30. Qb5 Rxb7 31. Qxe5+ Nf6 32. g4 hxg4 33. hxg4 Qb8 34.
Qa1 Rb5 35. Rc8 Qxc8 36. Bxb5 d6 37. Be2 Qc5 38. Kg2 Qe5 39. Qxe5 dxe5 40. Kf3
Nh7 41. Ke3 Kf6 42. Bc4 g5 43. Ba6 Ke7 44. f3 Kd6 45. Bc4 f6 46. Ba6 Nf8 47.
Bc4 Kc5 48. Ba6 Ne6 49. Be2 Kb4 50. Kd3 Nf4+ 51. Ke3 Kc3 52. Bf1 Kc2 53. Kf2
Kd1 54. Bb5 Ne6 55. Bc4 Nd4 56. Ba6 Kd2 57. Bc4 Nc2 58. Bb3 Ne3 59. Ba4 Nc4 60.
Bb5 Na3 61. Ba6 Nb1 62. Bf1 Nc3 63. Ba6 Nd1+ 64. Kg3 Ke3 65. Bf1 Nc3 66. Ba6
Nb1 67. Bf1 Nd2 68. Bg2 Ke2 69. Bh3 Nxf3 70. Bf1+ Ke3 0-1

[Event "South America-ch U20"]
[Site "Asuncion"]
[Date "2012.06.17"]
[Round "3"]
[White "Barbosa, Evandro Amorim"]
[Black "Cuellar Elisvan, Diego"]
[Result "0-1"]
[WhiteElo "2401"]
[BlackElo "2269"]
[PlyCount "134"]
[EventDate "2012.06.15"]
[EventType "swiss"]
[EventRounds "9"]
[EventCountry "PAR"]
[SourceTitle "CBM 149 Extra"]
[Source "ChessBase"]
[SourceDate "2012.08.24"]
[SourceVersion "1"]
[SourceVersionDate "2012.08.24"]
[SourceQuality "1"]

1. e4 e5 2. Nf3 Nc6 3. Bb5 a6 4. Ba4 Nf6 5. O-O Be7 6. d3 b5 7. Bb3 d6 8. a4
Bd7 9. c3 O-O 10. Nbd2 Na5 11. Bc2 c5 12. Re1 Qc7 13. Nf1 h6 14. Ng3 Rfe8 15.
Nh4 g6 16. axb5 axb5 17. h3 Bf8 18. b4 Nb7 19. Rxa8 Rxa8 20. Bb3 c4 21. dxc4
bxc4 22. Bc2 Bg7 23. Be3 Be6 24. Qd2 h5 25. Bh6 Bh8 26. Bd1 Nh7 27. Be2 Qe7 28.
Nf3 Rd8 29. Qa2 h4 30. Nf1 g5 31. Bxc4 Qf6 32. Bxe6 fxe6 33. Qa7 Rd7 34. Qb8+
Nd8 35. Qc8 Qe7 36. Ra1 Rc7 37. Qa8 Kf7 38. Ne3 Kg6 39. Ng4 Qd7 40. b5 Rc8 41.
Ra7 Rxa8 42. Rxd7 Nf7 43. Rxf7 Kxf7 44. Bxg5 Nxg5 45. Nxg5+ Ke7 46. Nf3 Rc8 47.
Nxh4 Bf6 48. Nf3 Rxc3 49. Ne3 Rc1+ 50. Kh2 Rb1 51. g4 Rxb5 52. g5 Bg7 53. h4
Rb4 54. Nd2 Rd4 55. Nef1 d5 56. f3 Kf7 57. Kg3 Bf8 58. Kf2 Bb4 59. Ke3 Bxd2+
60. Nxd2 Ra4 61. h5 Ra1 62. Kf2 Rh1 63. h6 Kg6 64. exd5 exd5 65. f4 Rh2+ 66.
Ke3 exf4+ 67. Kd3 Rh3+ 0-1

[Event "South America-ch U20"]
[Site "Asuncion"]
[Date "2012.06.17"]
[Round "4"]
[White "Martinez Alcantara, Jose Eduardo"]
[Black "Barbosa, Evandro Amorim"]
[Result "0-1"]
[WhiteElo "2135"]
[BlackElo "2401"]
[PlyCount "92"]
[EventDate "2012.06.15"]
[EventType "swiss"]
[EventRounds "9"]
[EventCountry "PAR"]
[SourceTitle "CBM 149 Extra"]
[Source "ChessBase"]
[SourceDate "2012.08.24"]
[SourceVersion "1"]
[SourceVersionDate "2012.08.24"]
[SourceQuality "1"]

1. e4 c5 2. Nf3 e6 3. d4 cxd4 4. Nxd4 Nc6 5. Nc3 Qc7 6. Be3 a6 7. Qd2 Nf6 8.
O-O-O Nxd4 9. Bxd4 e5 10. Be3 Bb4 11. f3 d6 12. a3 Bxc3 13. Qxc3 Qxc3 14. bxc3
Ke7 15. c4 Be6 16. c5 d5 17. exd5 Nxd5 18. Bf2 Rac8 19. Kb2 Nf6 20. Bd3 Nd7 21.
Rhe1 f6 22. f4 exf4 23. Ka1 Kf7 24. Bc4 Ne5 25. Rd7+ Nxd7 26. Bxe6+ Ke7 27.
Bd5+ Ne5 28. Bxb7 Rc7 29. c6 Kf7 30. Bb6 Rxc6 31. Bxc6 Nxc6 32. Rd1 Re8 33. Bc7
g5 34. Rd2 Re7 35. Bb6 Re1+ 36. Kb2 Rh1 37. g3 Ne5 38. Kc3 f3 39. Rf2 g4 40. a4
Ra1 41. a5 Nc6 42. Kb2 Re1 43. Rd2 Re5 44. Kc3 Nxa5 45. Rd7+ Kg6 46. Ra7 Re6
0-1

[Event "South America-ch U20"]
[Site "Asuncion"]
[Date "2012.06.18"]
[Round "5"]
[White "Barbosa, Evandro Amorim"]
[Black "Hernandez Sanchez, Jairo Andres"]
[Result "1-0"]
[WhiteElo "2401"]
[BlackElo "2279"]
[PlyCount "65"]
[EventDate "2012.06.15"]
[EventType "swiss"]
[EventRounds "9"]
[EventCountry "PAR"]
[SourceTitle "CBM 149 Extra"]
[Source "ChessBase"]
[SourceDate "2012.08.24"]
[SourceVersion "1"]
[SourceVersionDate "2012.08.24"]
[SourceQuality "1"]

1. e4 e5 2. Nf3 Nc6 3. Bb5 f5 4. Nc3 fxe4 5. Nxe4 Nf6 6. Nxf6+ gxf6 7. d4 Bg7
8. dxe5 O-O 9. exf6 Qxf6 10. O-O d6 11. c3 Kh8 12. Be3 Bg4 13. Be2 Rae8 14. Qa4
Bh5 15. Rae1 Bh6 16. Qb5 Bxe3 17. Qxh5 Bh6 18. Bd3 Rxe1 19. Nxe1 Qg5 20. Qe2
Ne5 21. Qe4 Ng6 22. Nf3 Qh5 23. Qxb7 Nf4 24. Qe4 Bg7 25. Ne1 Be5 26. g3 d5 27.
Qe3 Rf6 28. Ng2 Nh3+ 29. Kh1 Rf3 30. Be2 Rxe3 31. Bxh5 Rd3 32. Bg4 Ng5 33. f4
1-0

[Event "South America-ch U20"]
[Site "Asuncion"]
[Date "2012.06.19"]
[Round "6"]
[White "Gemy Vargas, Jose Daniel"]
[Black "Barbosa, Evandro Amorim"]
[Result "0-1"]
[WhiteElo "2345"]
[BlackElo "2401"]
[PlyCount "138"]
[EventDate "2012.06.15"]
[EventType "swiss"]
[EventRounds "9"]
[EventCountry "PAR"]
[SourceTitle "CBM 149 Extra"]
[Source "ChessBase"]
[SourceDate "2012.08.24"]
[SourceVersion "1"]
[SourceVersionDate "2012.08.24"]
[SourceQuality "1"]

1. d4 Nf6 2. c4 g6 3. Nc3 d5 4. Nf3 Bg7 5. Bf4 O-O 6. e3 c5 7. dxc5 Ne4 8. Rc1
Nd7 9. cxd5 Qa5 10. Nd4 Nxc3 11. bxc3 Qxa2 12. Qb3 Qxb3 13. Nxb3 a5 14. Bc4 a4
15. Nd4 Nxc5 16. Ke2 Bd7 17. Bg5 Rfe8 18. f3 Kf8 19. Rb1 Rec8 20. Rb4 Ra5 21.
Bf4 a3 22. Kd2 b5 23. Ba2 Na4 24. Rc1 Nb6 25. Rcb1 Rc5 26. e4 Ra8 27. Nxb5 Na4
28. e5 Bxb5 29. Rxb5 Rxc3 30. Ra5 Rcc8 31. Rxa8 Rxa8 32. Rb5 f6 33. e6 f5 34.
Bc4 Nc3 35. Rb8+ Rxb8 36. Bxb8 a2 37. Bxa2 Nxa2 38. d6 exd6 39. Bxd6+ Ke8 40.
g4 fxg4 41. fxg4 Nc3 42. Kd3 Nb5 43. Bc5 Nc7 44. Be3 Nxe6 45. h4 Kf7 46. Ke4
Bf6 47. g5 Bc3 48. Kf3 Ng7 49. Kg4 Ke6 50. Bc5 Kd5 51. Bf8 Ke4 52. Be7 Be1 53.
Bf6 Nf5 54. h5 Ne3+ 55. Kh3 gxh5 56. Bd8 Kf3 57. Bc7 Nf5 58. Bb8 Bg3 59. Ba7
Ne7 60. Bc5 Ng6 61. Bd6 Bf4 62. Bc7 Bxg5 63. Bg3 Ne7 64. Bh2 Nf5 65. Bg1 Nd6
66. Bc5 Ne4 67. Bb6 Be3 68. Bd8 Bf2 69. Be7 Bg3 0-1

[Event "South America-ch U20"]
[Site "Asuncion"]
[Date "2012.06.20"]
[Round "7"]
[White "Vazquez, Guillermo"]
[Black "Barbosa, Evandro Amorim"]
[Result "0-1"]
[WhiteElo "2293"]
[BlackElo "2401"]
[PlyCount "108"]
[EventDate "2012.06.15"]
[EventType "swiss"]
[EventRounds "9"]
[EventCountry "PAR"]
[SourceTitle "CBM 149 Extra"]
[Source "ChessBase"]
[SourceDate "2012.08.24"]
[SourceVersion "1"]
[SourceVersionDate "2012.08.24"]
[SourceQuality "1"]

1. e4 c5 2. Nf3 e6 3. c3 Nf6 4. e5 Nd5 5. d4 cxd4 6. cxd4 d6 7. Bc4 Nb6 8. Bb3
dxe5 9. Nxe5 Nc6 10. Nf3 Be7 11. Nc3 O-O 12. O-O Nb4 13. Re1 Bd7 14. Ne5 Bc6
15. a3 N4d5 16. Qd3 Rc8 17. Bc2 g6 18. Bh6 Re8 19. Qh3 Nxc3 20. bxc3 Bd5 21.
Bd2 f5 22. Bd3 Bf6 23. a4 a6 24. Qe3 Re7 25. a5 Nc4 26. Bxc4 Bxc4 27. Nxc4 Rxc4
28. Qf3 Kf7 29. Qh3 h5 30. Qg3 e5 31. dxe5 Qxd2 32. Red1 Qxc3 33. exf6 Qxg3 34.
hxg3 Kxf6 35. Rab1 Rc2 36. Rd6+ Kf7 37. Rdb6 Ra2 38. Rxb7 Rxa5 39. Rxe7+ Kxe7
40. Rb6 Kf7 41. Rc6 Ra2 42. Kf1 a5 43. Ra6 a4 44. Kg1 a3 45. f3 g5 46. f4 g4
47. Kh2 Ke7 48. Rh6 Rb2 49. Rxh5 a2 50. Rh7+ Kd6 51. Ra7 Kc5 52. Ra5+ Kc4 53.
Ra4+ Kb3 54. Ra8 Kc2 0-1

[Event "South America-ch U20"]
[Site "Asuncion"]
[Date "2012.06.21"]
[Round "8"]
[White "Barbosa, Evandro Amorim"]
[Black "Gaitan, Juan Manuel"]
[Result "1-0"]
[WhiteElo "2401"]
[BlackElo "2271"]
[PlyCount "109"]
[EventDate "2012.06.15"]
[EventType "swiss"]
[EventRounds "9"]
[EventCountry "PAR"]
[SourceTitle "CBM 149 Extra"]
[Source "ChessBase"]
[SourceDate "2012.08.24"]
[SourceVersion "1"]
[SourceVersionDate "2012.08.24"]
[SourceQuality "1"]

1. e4 e6 2. d4 d5 3. Nc3 Bb4 4. e5 c5 5. a3 Bxc3+ 6. bxc3 Qc7 7. Qg4 f5 8. Qg3
Nc6 9. Be3 cxd4 10. cxd4 Nge7 11. Qxg7 Rg8 12. Qxh7 Nxe5 13. Ne2 Nf7 14. Qh4
Bd7 15. Rc1 Qa5+ 16. Bd2 Qxa3 17. Nf4 O-O-O 18. c4 dxc4 19. Bxc4 Kb8 20. Qf6
Ng5 21. Nd3 Ne4 22. Qe5+ Ka8 23. Bb4 Qxc1+ 24. Nxc1 Nc6 25. Qf4 Nxb4 26. f3
Nc2+ 27. Kf1 e5 28. Qxe5 Ne3+ 29. Ke1 Nxc4 30. Qc7 Ned6 31. Kf2 Bc6 32. Qh7 a5
33. Nd3 Rge8 34. Nf4 Ne3 35. d5 Nxd5 36. Nxd5 Bxd5 37. Qc7 Nc4 38. Rd1 Rc8 39.
Qf4 Be6 40. h4 a4 41. h5 a3 42. Ra1 b5 43. h6 Kb7 44. h7 Rc7 45. Qh6 Rcc8 46.
Re1 Bd5 47. Qg7+ Kc6 48. Qg6+ Nd6 49. Rxe8 Rxe8 50. Qxe8+ Nxe8 51. h8=Q Nd6 52.
Qa8+ Kc5 53. Qxa3+ b4 54. Qa7+ Kb5 55. Qd4 1-0

[Event "South America-ch U20"]
[Site "Asuncion"]
[Date "2012.06.22"]
[Round "9"]
[White "Saltos Velez, Adrian"]
[Black "Barbosa, Evandro Amorim"]
[Result "1/2-1/2"]
[WhiteElo "2147"]
[BlackElo "2401"]
[PlyCount "50"]
[EventDate "2012.06.15"]
[EventType "swiss"]
[EventRounds "9"]
[EventCountry "PAR"]
[SourceTitle "CBM 149 Extra"]
[Source "ChessBase"]
[SourceDate "2012.08.24"]
[SourceVersion "1"]
[SourceVersionDate "2012.08.24"]
[SourceQuality "1"]

1. e4 c5 2. Nf3 e6 3. c3 Nf6 4. d3 d5 5. e5 Nfd7 6. d4 Nc6 7. Be3 Qb6 8. Qc1 f6
9. exf6 Nxf6 10. Bd3 Bd7 11. O-O Rc8 12. Nbd2 Bd6 13. a4 a5 14. dxc5 Bxc5 15.
Bxc5 Qxc5 16. Nb3 Qb6 17. Ra3 O-O 18. Qg5 Rce8 19. Nbd4 e5 20. Rb3 Qc7 21. Nf5
Be6 22. N3h4 e4 23. Bb5 Bxf5 24. Nxf5 Re5 25. Bxc6 bxc6 1/2-1/2

[Event "Maravilhosa op 3rd"]
[Site "Laranjeiras"]
[Date "2012.07.14"]
[Round "4"]
[White "Dos Santos, Haroldo Cunha Jr"]
[Black "Barbosa, Evandro Amorim"]
[Result "0-1"]
[WhiteElo "2244"]
[BlackElo "2435"]
[PlyCount "67"]
[EventDate "2012.07.13"]
[EventType "swiss"]
[EventRounds "6"]
[EventCountry "BRA"]
[SourceTitle "CBM 149 Extra"]
[Source "ChessBase"]
[SourceDate "2012.08.24"]
[SourceVersion "1"]
[SourceVersionDate "2012.08.24"]
[SourceQuality "1"]

1. d4 Nf6 2. Nf3 g6 3. g3 Bg7 4. Bg2 O-O 5. O-O d6 6. c4 Nc6 7. h3 a6 8. Nc3
Rb8 9. b3 b5 10. cxb5 axb5 11. Bb2 b4 12. Na4 Na7 13. Rc1 c6 14. Ne1 Qa5 15.
Nd3 Nd5 16. Qd2 Ba6 17. a3 Bxd3 18. Qxd3 bxa3 19. Bxa3 Rfc8 20. e3 Nb6 21. Rfd1
Nxa4 22. bxa4 Rc7 23. Qc4 Rcb7 24. Bxc6 Rb3 25. Rd3 Rxd3 26. Qxd3 Nxc6 27. Rxc6
Qxa4 28. Qa6 Rb1+ 29. Kg2 Qd1 30. Qc8+ Bf8 31. Rc1 Rxc1 32. Qxc1 Qd3 33. Bb4 h5
34. h4 0-1

[Event "Maravilhosa op 3rd"]
[Site "Laranjeiras"]
[Date "2012.07.15"]
[Round "6"]
[White "Santiago, Yago de Moura"]
[Black "Barbosa, Evandro Amorim"]
[Result "1/2-1/2"]
[WhiteElo "2345"]
[BlackElo "2435"]
[PlyCount "39"]
[EventDate "2012.07.13"]
[EventType "swiss"]
[EventRounds "6"]
[EventCountry "BRA"]
[SourceTitle "CBM 149 Extra"]
[Source "ChessBase"]
[SourceDate "2012.08.24"]
[SourceVersion "1"]
[SourceVersionDate "2012.08.24"]
[SourceQuality "1"]

1. d4 Nf6 2. c4 e6 3. Nc3 d5 4. cxd5 Nxd5 5. e4 Nxc3 6. bxc3 c5 7. Nf3 cxd4 8.
cxd4 Bb4+ 9. Bd2 Bxd2+ 10. Qxd2 O-O 11. Bc4 Nc6 12. O-O b6 13. Rfd1 Na5 14. Bd3
Bb7 15. Rac1 Rc8 16. Qf4 Qe7 17. Rxc8 Rxc8 18. Rc1 Rxc1+ 19. Qxc1 h6 20. h3
1/2-1/2

[Event "BRA-ch sf3"]
[Site "Brasilia"]
[Date "2012.07.21"]
[Round "1"]
[White "Shumyatsky, Victor"]
[Black "Barbosa, Edinardo Meireles"]
[Result "1-0"]
[WhiteElo "2417"]
[BlackElo "1732"]
[PlyCount "55"]
[EventDate "2012.07.21"]
[EventType "swiss"]
[EventRounds "6"]
[EventCountry "BRA"]
[SourceTitle "EXT 2014"]
[Source "ChessBase"]
[SourceDate "2013.11.20"]
[SourceVersion "1"]
[SourceVersionDate "2013.11.20"]
[SourceQuality "1"]

1. e4 e6 2. d4 d5 3. Nd2 Nf6 4. e5 Nfd7 5. f4 c5 6. c3 Nc6 7. Ndf3 Qb6 8. a3
cxd4 9. cxd4 Be7 10. g3 f6 11. b4 fxe5 12. fxe5 Qc7 13. Bf4 Nf8 14. Kf2 Ng6 15.
Be3 O-O 16. Kg2 Bd7 17. Bd3 Ngxe5 18. dxe5 Nxe5 19. Nxe5 Qxe5 20. Bd4 Qg5 21.
Nf3 Rxf3 22. Qxf3 Rf8 23. Qe3 Qh5 24. Rhf1 Rxf1 25. Rxf1 e5 26. Qxe5 Bh3+ 27.
Kg1 Qxe5 28. Bxe5 1-0

[Event "BRA-ch sf3"]
[Site "Brasilia"]
[Date "2012.07.21"]
[Round "2"]
[White "Barbosa, Edinardo Meireles"]
[Black "Saenko, Gennady"]
[Result "0-1"]
[WhiteElo "1732"]
[BlackElo "1819"]
[PlyCount "92"]
[EventDate "2012.07.21"]
[EventType "swiss"]
[EventRounds "6"]
[EventCountry "BRA"]
[SourceTitle "EXT 2014"]
[Source "ChessBase"]
[SourceDate "2013.11.20"]
[SourceVersion "1"]
[SourceVersionDate "2013.11.20"]
[SourceQuality "1"]

1. c4 c5 2. Nc3 Nc6 3. g3 Nf6 4. Bg2 g6 5. d3 Bg7 6. Nf3 O-O 7. O-O d6 8. a3 a6
9. Rb1 Qc7 10. Qc2 Nd4 11. Nxd4 cxd4 12. Ne4 Rb8 13. Ng5 h6 14. Nf3 b6 15. Nxd4
Bb7 16. Nf3 Rfe8 17. Qd2 Nd7 18. b3 Kh7 19. Bb2 Bxb2 20. Qxb2 e5 21. e4 Nc5 22.
Qc2 Ne6 23. Rfe1 g5 24. Rbc1 g4 25. Nh4 Nd4 26. Qb1 Bc8 27. b4 Be6 28. f3 Qd7
29. fxg4 Bxg4 30. Qb2 Rg8 31. Qf2 Qe6 32. Kh1 Rg7 33. Rf1 Rbg8 34. Nf5 Bxf5 35.
exf5 Qf6 36. c5 dxc5 37. bxc5 bxc5 38. Rxc5 Rg5 39. Qe3 Re8 40. a4 Kg7 41. Be4
Rb8 42. h4 Rh5 43. Bf3 Rxf5 44. Rc4 Rxf3 45. Rxf3 Qxf3+ 46. Qxf3 Nxf3 0-1

[Event "BRA-ch sf3"]
[Site "Brasilia"]
[Date "2012.07.22"]
[Round "3"]
[White "Meireles, Gabriel Ladeira"]
[Black "Barbosa, Edinardo Meireles"]
[Result "1/2-1/2"]
[WhiteElo "1761"]
[BlackElo "1732"]
[PlyCount "20"]
[EventDate "2012.07.21"]
[EventType "swiss"]
[EventRounds "6"]
[EventCountry "BRA"]
[SourceTitle "EXT 2014"]
[Source "ChessBase"]
[SourceDate "2013.11.20"]
[SourceVersion "1"]
[SourceVersionDate "2013.11.20"]
[SourceQuality "1"]

1. e4 e5 2. Nf3 Nc6 3. Bd3 Nf6 4. O-O Bc5 5. Nc3 O-O 6. Qe1 d5 7. exd5 Nxd5 8.
Qe4 Qd6 9. Ng5 f6 10. Nxh7 f5 1/2-1/2

[Event "BRA-ch sf3"]
[Site "Brasilia"]
[Date "2012.07.22"]
[Round "4"]
[White "Barbosa, Edinardo Meireles"]
[Black "Seabra, Ricardo Manhaes"]
[Result "0-1"]
[WhiteElo "1732"]
[BlackElo "1853"]
[PlyCount "91"]
[EventDate "2012.07.21"]
[EventType "swiss"]
[EventRounds "6"]
[EventCountry "BRA"]
[SourceTitle "EXT 2014"]
[Source "ChessBase"]
[SourceDate "2013.11.20"]
[SourceVersion "1"]
[SourceVersionDate "2013.11.20"]
[SourceQuality "1"]

1. c4 e5 2. Nc3 f5 3. d3 c6 4. Nf3 d6 5. g3 Be7 6. e3 Be6 7. Bg2 Nd7 8. O-O g5
9. b3 g4 10. Ne1 h5 11. e4 Nh6 12. exf5 Nxf5 13. f3 Qb6+ 14. Kh1 h4 15. gxh4
Rxh4 16. Ne2 O-O-O 17. fxg4 Nd4 18. Be3 Rdh8 19. Nxd4 Rxh2+ 20. Kg1 exd4 21.
Bf4 R2h4 22. g5 Bg4 23. Qd2 Qc5 24. Nf3 Bxf3 25. Rxf3 Ne5 26. Bxe5 Qxe5 27. Qf2
Qxg5 28. Rg3 Qh5 29. Qf3 Rh1+ 30. Bxh1 Qh2+ 31. Kf1 Rf8 32. Qxf8+ Bxf8 33. Rg1
Bh6 34. Rg8+ Kc7 35. Bg2 Qf4+ 36. Kg1 Qe3+ 37. Kh1 Qxd3 38. Rf1 Be3 39. Rg3 Qc2
40. Rg4 Qxa2 41. Be4 Qe2 42. Rf7+ Kb6 43. Rgg7 d3 44. Rxb7+ Kc5 45. Bxc6 d2 46.
Rb5+ 0-1